000 00265nam a22001217a 4500
008 181024b xxu||||| |||| 00| 0 eng d
041 _aeng
080 _a617
100 _a5
101 _aKIR
245 _aTextbook of General Surgery
_cCole,W.H
942 _2udc
_cBK
999 _c50836
_d50836